| 000 | 00919nam a2200229 a 4500 | ||
|---|---|---|---|
| 005 | 20160506113640.0 | ||
| 008 | 140304b1998 nyu|||||r|||| 001 0 spa d | ||
| 040 |
_aCO-BoIAVH _cCO-BoIAVH |
||
| 041 | 0 | _aspa | |
| 044 | _axxu | ||
| 082 | 0 | 4 |
_a570.76068 _bC74p |
| 111 | 2 |
_aConferencia de las Partes en el Convenio sobre la Diversidad Biológica _cBratislava, Eslovaquia _d4-15 de mayo de 1998 _n4 |
|
| 245 | 1 | 3 |
_aUn programa para el cambio _bdecisiones de la cuarta reunión de la Conferencia de las Partes en el Convenio sobre la Diversidad Biológica |
| 260 |
_aNueva York ; _aGinebra : _bNaciones Unidas, _c1998. |
||
| 300 |
_a186 páginas ; _c21 x 15 centímetros |
||
| 650 | 1 | 4 |
_aConvenio sobre diversidad biológica _vMemorias. |
| 650 | 2 | 6 | _aEspecies introducidas |
| 650 | 2 | 6 | _aBiotecnología |
| 650 | 2 | 6 | _aBioseguridad |
| 650 | 2 | 6 | _aAgrobiodiversidad |
| 942 |
_cLIBRO _2ddc |
||
| 999 |
_c2033 _d2033 |
||